LEADER 01122nam a2200301 i 4500 001 000000153351 003 CaOOAMICUS 005 20211021103219.0 008 060920s1977 it u000 u ita u 013 $a130693 040 $aSeMil$bita 100 1 $aMeyrink, Gustav,$d<1868-1932>.$0(OLS)http://semarc/name/60053 240 14$aDer Golem.$0(OLS)http://semarc/title/224353 245 13$aIl Golem /$cGustav Meyrink. 246 04$aIl Golem :$bdalla magia nasce una creatura 264 1$aMilano :$bBompiani,$c1977. 300 $aXVI, 268 p. ;$c19 cm. 490 1 $aTascabili Bompiani ;$v30 541 0 $aFondo Ciprandi. 830 0$aTascabili Bompiani ;$v30.$0(OLS)http://semarc/title/7395 850 $aSeMil 852 $aSeMil$W1$xVenegono$y1$m1W I 390$j105293$B105293$CSeMilBibl$Z2$F114523 $81 941 1 $a1 961 $aOmaggio: Ciprandi dott. Paolo 996 $6245$aIl Golem$9(OLS)http://semarc/title/224352 996 $6246$aIl Golem :$bdalla magia nasce una creatura$9(OLS)http://semarc/title/408764 996 $6264$aMilano :$bBompiani$9(OLS)http://semarc/publisher/29706 LEADER 00992nam a2200253 i 4500 001 000000100890 003 CaOOAMICUS 005 20020322000000.0 008 020322s1997 xx u000 u und u 013 $a73042 020 $a88-425-2252-X 040 $aSeMil$bita 100 1 $aHeidegger, Martin,$d<1889-1976>.$0(OLS)http://semarc/name/3775 245 12$aL'inno "Andenken" di Hölderlin. 260 $aMilano :$bMursia,$c1997. 300 $a179 p. 490 0 $aBiblioteca di filosofia. Testi 600 14$aHölderlin, Friedrich <1770-1843>.$0(OLS)http://semarc/subject/1236 830 0$aBiblioteca di filosofia. Testi .$0(OLS)http://semarc/title/7156 850 $aSeMil 852 $aSeMil$W1$xVenegono$y1$m58 2 20 *$j57899$B57899$CSeMilBibl$Z2$F68401 $81 996 $6020$a88-425-2252-X$9(OLS)http://semarc/number/80720 996 $6245$aL'inno "Andenken" di Hölderlin$9(OLS)http://semarc/title/147955 996 $6260$aMilano :$bMursia$9(OLS)http://semarc/publisher/30230